Sports Quiz

Random Sports or Football Quiz

Any NFL Team Besides the Patriots Quiz Stats

 Plays Quiz Updated Jan 10, 2019

Score 0/17 Timer 02:00
0 Plays Today
Hint Answer % Correct
Team Name starts with 'P'Green Bay Packers
92.5%
Located in AFC EastNew York Jets
91.6%
Located in AFC EastMiami Dolphins
91.5%
Won the Super Bowl twice in a rowMiami Dolphins
91.5%
Have Had a Single Season 5,000 Yard PasserMiami Dolphins
91.5%
Won the Super Bowl twice in a rowGreen Bay Packers
91.4%
Have Had a Single Season 5,000 Yard PasserPittsburgh Steelers
88.2%
Won the Super Bowl twice in a rowPittsburgh Steelers
87.9%
Located in AFC EastBuffalo Bills
87%
Hint Answer % Correct
Won the Super Bowl twice in a rowDallas Cowboys
85.5%
Team Name starts with 'P'Carolina Panthers
83.7%
Won the Super Bowl twice in a rowDenver Broncos
80.9%
Have Had a Single Season 5,000 Yard PasserDenver Broncos
80.9%
Won the Super Bowl twice in a rowSan Francisco 49ers
79.1%
Have Had a Single Season 5,000 Yard PasserNew Orleans Saints
76.2%
Have Had a Single Season 5,000 Yard PasserKansas City Chiefs
56.4%
Have Had a Single Season 5,000 Yard PasserDetroit Lions
47.4%

You're not logged in!

Compare scores with friends on all Sporcle quizzes.
OR
Log In

Show Comments

Extras

Top Quizzes Today


Score Distribution

Your Account Isn't Verified!

In order to create a playlist on Sporcle, you need to verify the email address you used during registration. Go to your Sporcle Settings to finish the process.

Report this User

Report this user for behavior that violates our Community Guidelines.

Details: